00418nam a2200109Ia 4500082001900000245006500019100005000084942000700134008004100141999001900182952010700201 aMERM-PCRL-PEZL 0aULittle Lucky Lolo kanye ne Phaliswano leCola Cup [Ndebele]  a VARKEL, Adrian Johannesburg, 2008 914995 cBK210817s9999 xx 000 0 und d c220000d219999 00104070aEZENLbEZENLd2021-08-18g73.56l1p33228021210107r2025-02-14s2025-01-31w2021-08-18yBK